Statystyki dla Żeńskie Imiona na literę G

Kliknij tutaj aby rozwiązać quiz!

Ogólne statystyki

  • Ten quiz został rozwiązany 288 razy
  • Średni wynik to 5 z 16

Statystyki odpowiedzi

Imiona% Poprawnych
Grażyna
83%
Genowefa
73%
Gabriela
72%
Gaja
46%
Gertruda
43%
Gracja
34%
Greta
27%
Gustawa
25%
Gloria
18%
Gracjana
14%
Gryzelda
8%
Gwidona
8%
Geralda
6%
Gniewomira
4%
Gościrada
3%
Gryfina
3%

Rozkład punktacji

Percentyl według liczby udzielonych odpowiedzi

Procent ludzi z każdym wynikiem

Twoja historia wyników

Nie rozwiązałeś tego quizu